00715nam a2200253 a 4500001001300000003000900013005001700022008004100039020001000080082001500090100002200105245002200127260004000149300000800189500003500197505004900232650001200281650001800293700002200311902000800333942000700341952009600348999001700444nice12345678IN_TiNIC20260116014439.0050524s2004 muma grd 000 0 eng  ac19900a962.4bBLA aBlaustein, Julian aKhartoum Video CD aMumbaibSagarika Acoustronicsc2004 a00p aincludes index and biblioraphy2 aM/s, Sony Music Entertainment, India Pvt.Ltd aFiction aSudan-History1 aBlaustein, Julian bSRC cND 00104070aHMIbHMId2012-04-27g199.00l0o962.4 BLAp020974r2012-04-27w2026-01-16yVM c15363d15363